000 00390nam a2200157Ia 4500
005 20250425055122.0
008 240331s9999 xx 000 0 und d
020 _a9556520023
082 _bSIN
_a891
100 _aSinhaarachchi,C.L
245 0 _aSri kantha
260 _aColombo
_bGodake & Sons
_c2000
300 _a319 p .,
500 _aTranslation of a Ancient Indian story
942 _cL
999 _c4806
_d4806